Nový prvok v riadení investičnej výstavby

Bibliographic Details
Main Author: Karolčík, Juraj (Author)
Format: Article
Language:Slovak
Subjects:

MARC

LEADER 00000nab a2200000 a 4500
001 vtls000210015
003 SK-MaSNL
005 20260302201238.0
008 111130c1984 xo 0 slo
015 |a SNBRB19rr/mm-uuuuu 
035 |a CL0220128 
040 |a SNKBUCL  |b slo  |c SNKBUCL  |e AACR2 
041 0 |a slo 
044 |a xo  |c SK 
080 |a 631.2:631.152  |2 1981 
080 |a 631.152  |2 1981 
080 |a 69  |2 1981 
080 |a 330.322  |2 1981 
100 1 |a Karolčík, Juraj  |4 aut  |9 921251 
245 1 0 |a Nový prvok v riadení investičnej výstavby  |c Juraj Karolčík 
650 0 7 |a poľnohospodárstvo  |2 snkbucl  |9 679 
650 0 7 |a výstavba investičná  |2 snkbucl  |9 677195 
655 7 |a články z novín a časopisov  |2 snkbucl  |9 267496 
773 0 |t Informácie MPVž SSR  |g Roč. 12, č. 21 (1984), s. 4-5 
850 |a Slovenská národná knižnica v Martine  |a MTA001 
852 |a SNK  |b KIS3GCP 
958 |a RK 
992 |a RBX 
999 |c 1460149  |d 1462079